| 000 | 00509nam a22001697a 4500 | ||
|---|---|---|---|
| 999 |
_c62245 _d62245 |
||
| 005 | 20240829155015.0 | ||
| 008 | 240829c2014 enk||||| |||| 00| 0 eng d | ||
| 022 | _a0149 9246. | ||
| 041 | _aeng | ||
| 245 |
_aHastings International and Comparative Law Review : _b2014 / _cEditor D. Cheng. |
||
| 260 |
_aCalifornia, _c2014. |
||
| 300 | _aV. | ||
| 653 | _aსამართალი | ||
| 653 | _aპერიოდიკა | ||
| 700 |
_aCheng, D. _eრედაქტორი _923146 |
||
| 942 |
_2udc _cCR |
||